000
00270nam a22001097a 4500
082
_a
621.381 DEM'M
100
_a
MULLARD
_9
79533
245
_a
DEMONSTRATION AND EXPERIMENTS IN ELECTRONICS AND MAGNETISM
260
_a
LONDON
_b
MULLARD
_c
1960
300
_a
84P
942
_c
BK
999
_c
584810
_d
584810